[Event "Geller Memorial op-B 7th"]
[Site "Odessa"]
[Date "2011.08.24"]
[Round "5"]
[White "Iattice, Cyril"]
[Black "Aliferenko, Aleksei"]
[Result "1-0"]
[WhiteElo "2304"]
[BlackElo "2220"]
[PlyCount "68"]
[EventDate "2011.08.20"]
[EventType "swiss"]
[EventRounds "9"]
[EventCountry "UKR"]
[SourceTitle "EXT 2014"]
[Source "ChessBase"]
[SourceDate "2013.11.20"]
[SourceVersion "1"]
[SourceVersionDate "2013.11.20"]
[SourceQuality "1"]

1. d4 Nf6 2. c4 g6 3. Nc3 Bg7 4. e4 d6 5. Nf3 0-0 6. Be2 e5 7. 0-0 Na6 8. Be3 Ng4 9. Bg5 Qe8 10. c5 exd4 11. Nd5 dxc5 12. Bxa6 bxa6 13. Nxc7 Qc6 14. Nxa8 Bb7 15. Re1 Rxa8 16. Nxd4 Bxd4 17. Qxg4 Bxb2 18. Rab1 Bd4 19. Be3 Qxe4 20. Qxe4 Bxe4 21. Rbc1 Bf5 22. Bxd4 cxd4 23. f3 Rd8 24. Rc6 a5 25. Rd1 Be6 26. Rd2 d3 27. a3 Ba2 28. Rc1 Be6 29. Rc3 Rd4 30. Rcxd3 Ra4 31. Rd8+ Kg7 32. Ra8 h5 33. Rxa7 h4 34. Kf2 Rxa3 1-0